000 00284 a2200145 4500
001 111181
041 _apor
090 _aRecepção/Secretária
245 1 0 _aSIM 1
250 _a. ed.
300 _aSIM
040 _aBR-BrIDEA
_cBR-BrIDEA
260 _a[S.l.]
_c2016
942 _cDE
999 _c111181
_d111181